000 00923nas a2200253Ia 4500
001 R142/77679
003 IT-RoPAU
008 151124c99999999xx |||||||||||| ||und||
040 _aIT-RoPAU
040 _cIT-RoPAU
041 _aFRANCESE
100 _aCortade Jean-Emmanuel
_gCodice Aut. SPICS: 39622
210 _aRESEAUX
222 _aReseaux
245 _aRESEAUX, N.054 (LUGLIO/AGOSTO 1992)
_bPoint Sur Le Financement De la Television Hertzienne En France (Le)
250 _a1a ed.
260 _aPARIS
_bCNET
_c1992
501 _bPaulus - SPICS - Società San Paolo EM (non-commercial uses only)
_cCopyright2015
300 _a11 p. [125-135]
362 _aN.054 (LUGLIO/AGOSTO 1992)
500 _aPunto Sul Finanziamento della Televisione Hertziana in Francia. Mercato Inforte Concorrenza. Insufficienza Delle Entrate. Aumento dei Costi.
650 _aCOMUNICAZIONE
_vPUBBLICAZIONE PERIODICA
942 _cCR
999 _c192106
_d192106